000 00656nam a2200157 i 4500
001 183122
003 ES-MaACL
005 20230906221814.0
007 t|
008 140117s1851 sp ||||1| spa d
245 0 0 _aEscalafón de antigüedad de los catedráticos de las universidades del reino segun el lugar que corresponde a cada uno de ellos en el día de la fecha.
260 _aMadrid :
_b[s.n.],
_c1851 (
_fImp. del Ministerio de Comercio, Instrucción y Obras Públicas)
300 _a19 p. ;
_c21 cm.
650 4 _aProfesores universitarios-
_zEspaña-
_vEscalafones.
_9145019
852 _aES-MaACL
_jT-866-F-2
_z.- Sello de "Los Escolares Médicos"
999 _c183122
_d183122